00669cam a2200193 a 450000100100000000500170001000800410002704000230006808200190009110000360011024500420014626000340018830000200022265000300024265000320027291000340030495201220033899900150046000000484820200929151522.0011218s2000 ve 000 p spa  aDO-SdBNPcDLCdDLC aV861.44bC171n1 aCalzadilla, Juan.d1931-91406610aNotario al garete /cJuan Calzadilla. aVenezuela :bPoesía,c2000. a62 p. ;c21 cm. 4aPoesía venezolana94230 4aLiteratura venezolana93816 aCatalogación por copia / LC 001052708MOaGRbGRcCTd2009-07-27iLF1l0oV861.44 C171np4848-10r2020-06-25w2020-06-25y2ZPréstamo interno c4654d4654